000 00793nas a2200265 4500
001 BR8501128
003 BR-BrBNA
005 20231205090131.0
007 ta
008 230509b bl.|||p| |||| 00| 00por d
040 _aBR-BrBNA
_bpor
_cBiblioteca Nacional de Agricultura
041 _a(Pt)
072 _aL30; L50
100 1 _aCarregal, R.D.
100 1 _aFerrato, M.E.P.
245 1 _aNiveis de lisina em racoes de coelhos em crescimento
246 1 _aLysine levels in diets of growing rabits
650 _aCOELHO
650 _aRACAO
650 _aLISINA
650 _aCRESCIMENTO
773 0 _tRevista da Sociedade Brasileira de Zootecnia (Brazil)
_xISSN 0100-4859
_g(1984), v. 13(4) p. 475-479
_wBR8501128
909 _a202311
_bLúcia
_c55
_dLúcia Elande
942 _2AGRIS
_n0
_cANA
999 _c116331
_d116331